Sampling methods for multiresource forest inventory

Bibliographic Details
Main Author: Schreuder, Hans T.
Other Authors: Gregoire, Timothy G, Wood, Geoffrey B
Format: Book
Published: Wiley , 1993.
Subjects:

MARC

LEADER 00000cam a2200000 7i4500
001 0000003741
005 20110504.0
020 0 0 |a 04715524553 
090 0 0 |a 634.9285   |b HAN 1983 
100 1 0 |a Schreuder, Hans T. 
245 1 0 |a Sampling methods for multiresource forest inventory   |c Schreuder, Han.T,Gregoire,Timothy G & Wood, Geoffrey, B. 
260 0 0 |b Wiley ,   |c 1993. 
300 |a xv, 446p ;   |c 24cm. 
650 0 0 |a Forest surveys---Statistical methods 
650 0 0 |a Forests and forestry---Statistical methods 
650 0 0 |a Sampling (statistics) 
700 1 1 |a Gregoire, Timothy G 
700 1 1 |a Wood, Geoffrey B 
999 |a 006995   |b Monograph   |c Open Shelf   |e Default branch